000 01100nam0a22002651 4500
001 rc\304760
005 20250621030628.0
010 _a5-85700-031-9
_920000
035 _a(NLR Aleph) 005540374
090 _a5703943
_c5703943
100 _a20030307d1990 |||y0rusy50 ca
101 0 _arus
102 _aRU
105 _aa |||||||||
200 1 _aФранциск Скорина и его время
_eЭнцикл. справ.
_e[К 500-летию со дня рождения
_fРедкол. И.П. Шамякин (гл. ред.) и др.]
210 _aМинск
_cБелорус. сов. энцикл.
_d1990
215 _a631 с., [1] л. карт.
_cил., факс.
_d27
300 _aЗагл. пер.: Скорина
300 _aВ кн. помещены также фотоснимки всех предисл. и послесл. Ф. Скорины к его изд. и их адапт. текст
702 1 _aШамякин
_bИ.П.
_gИван Петрович
_4340
801 0 _aRU
_bNLR
_gpsbo
801 1 _aRU
_bELAR
_2rusmarc
852 _aNLR
_bС
_jК-4/445
942 _cBOOK
980 _aNB